God: in New Testament Theology
Salvato in:
| Autore principale: | |
|---|---|
| Natura: | Libro |
| Lingua: | inglese |
| Pubblicazione: |
Nashville
Abingdon
2010
|
| Edizione: | 1a. ed |
| Serie: | Library of Biblical Theology
|
| Soggetti: | |
| Tags: |
Aggiungi Tag
Nessun Tag, puoi essere il primo ad aggiungerne!!
|
MARC
| LEADER | 00000cam a2200000 a 4500 | ||
|---|---|---|---|
| 001 | UCE8246 | ||
| 003 | CL-VaPUC | ||
| 008 | 150728e20100000us |||||||||||||||||eng|d | ||
| 020 | |a 9780687465453 | ||
| 082 | 0 | 4 | |a 231 |b HUR |2 21 |
| 100 | |a Hurtado, Larry W |e author |9 595244 | ||
| 245 | 1 | 0 | |a God: in New Testament Theology |
| 250 | |a 1a. ed | ||
| 300 | |a 152 p | ||
| 942 | |c BK | ||
| 945 | |d 20150728 02:04:00 |a gsalatino | ||
| 260 | |a Nashville |b Abingdon |c 2010 | ||
| 600 | 0 | |a Dios |9 314467 | |
| 650 | 7 | |a ENSEÑANZA BIBLICA |2 CL-VaPUC |9 320049 | |
| 650 | 0 | |a Biblia |9 257603 | |
| 650 | 0 | |a Nuevo testamento |9 257604 | |
| 583 | |a last modification |c 20150728 02:04:00 |k Rodrigo Vera | ||
| 490 | 0 | |a Library of Biblical Theology | |
| 999 | |c 360185 |d 360183 | ||
| 952 | |0 0 |1 0 |3 erb |4 0 |6 231_000000000000000_HUR_2010 |7 0 |8 A |9 469837 |a BIBTEO |b BIBTEO |e Casale Rolle, Carlos Ignacio, -2014 |i 5184738 |o 231 HUR 2010 |p 5184738 |r 2025-01-17 |w 2019-11-23 |y BK |z Catalogado en:20150728 |k ICR | ||